| 000 | 00456nam a2200145Ia 4500 | ||
|---|---|---|---|
| 008 | 161229s9999 xx 000 0 und d | ||
| 082 | _a330.9 SAB/SO | ||
| 245 | _aSouth Indian economy : agrarian change, industrial structure and state policy 1914-1947 | ||
| 260 |
_bOxford University Press _aOxford _c1991 |
||
| 300 | _axxxvii, 292 | ||
| 700 | _aRaman Mahadevan, ed. | ||
| 700 | _aSabyasachi Battacharya,ed. | ||
| 700 | _aSumit Guha, ed. | ||
| 942 | _cBK | ||
| 999 |
_c154303 _d154303 |
||